000 00600nam a2200181 4500
001 148967
003 ES-MaACL
005 20230906202906.0
007 t|
008 070214s1968 sp r ||||1| spa d
100 1 _aSuppes, Patrick.
_9108808
245 1 0 _aPrimer curso de Lógica Matemática /
_cPatrick Suppes, Shirley Hill ; [versión... de Enrique Linés Escardó].
260 _aBarcelona [etc.] :
_bReverté,
_c1968 (
_fLitoclub)
300 _aIX, 283 p. ;
_c22 cm.
700 1 _aHill, Shirley.
_963710
700 1 _aLinés Escardó, Enrique.
_972434
852 _aES-MaACL
_jC-34608
_bR.67072
999 _c148967
_d148967